000 00721nam a22002057a 4500
005 20100811133755.0
010 _aENG-99615
020 _c50.00
035 _aEN-83147
037 _bDBAD/PUB
082 _a635.9772
100 _aElango, T. Urumandaraja
_910915
245 _aBonsai /
_cby T. Urumandaraja Elango
260 _aCoimbatore
_bAnnamalaiyar Educational Publication
_c2007
270 _a8/305, Thulasinga Nagar, Valparai Post
_bCoimbatore
_e642127
300 _a64p.
_c20cm (pbk)
650 _aBonssai
_910916
942 _2ddc
_cEN
_h635.9772
_mELA
999 _c40970
_d40970